Statistics for Sidemen Youtube Names

Click here to take the quiz!

General Stats

  • This quiz has been taken 2,830 times
  • The average score is 7 of 7

Answer Stats

Channel NameFirst Name/Nickname% Correct
TbjzlTobi
98%
ZerkaaJosh
97%
MiniminterSimon
96%
Vikkstar123Vikram
95%
KSIOlajide
92%
BehzingaEthan
88%
WroetoshawHarry
85%

Score Distribution

Percentile by Number Answered

Percent of People with Each Score

Your Score History

You have not taken this quiz